|
|
|
|
| LEADER |
00000cam a2200000 a 4500 |
| 001 |
1/121835 |
| 008 |
200728s2018####gr | ||| |||| ||gre|| |
| 020 |
|
|
|a 9789606121555
|
| 040 |
|
|
|a GR-MyUa
|b gre
|c GR-MyUa
|e AACR2
|
| 041 |
0 |
|
|a gre
|
| 082 |
7 |
|
|a 372.89
|2 (23)
|
| 100 |
1 |
|
|a Κωνσταντάρος, Κωνσταντίνος Ι.
|
| 245 |
1 |
2 |
|a Η διδασκαλία του μαθήματος της ιστορίας στην πρωτοβάθμια και δευτεροβάθμια Εκπαίδευση /
|c Κωνσταντάρος Κωνσταντίνος.
|
| 260 |
|
|
|a Αθήνα :
|b Γρηγόρη,
|c 2018.
|
| 300 |
|
|
|a 170 σ. ;
|c 21 εκ.
|
| 504 |
|
|
|a Βιβλιογραφία: σ. 163-170.
|
| 650 |
|
0 |
|a History
|x Study and teaching (Elementary)
|z Greece.
|
| 650 |
|
0 |
|a History
|x Study and teaching (Secondary)
|z Greece.
|
| 852 |
|
|
|a INST
|b RHODES
|c EUDOXUS
|e 20200728
|h 372.89 ΚΩΝ
|p 005400041539
|q 005400041539
|t EDX
|y 0
|
| 920 |
|
|
|a Εύδοξος
|b Παραγγελία
|y Ρόδος-ΤΜΣ
|z 2020-07
|
| 970 |
|
|
|a Μαρία
|b Κωτάκου
|z 28-07-2020
|